000 00946nam a2200265 i 4500
003 DO-SdBNP
005 20240516091935.0
007 ta
008 230414b1993 dr ||||| |||| 00| 0 spa d
040 _aDO-SdBNP
_bspa
_cBNPHU
_erda
082 4 _222
100 1 _aMartínez Rosario, Raúl
_eautor
_985483
245 1 0 _aPuerto Rico. Una ruta incierta al norte :
_bla travesía en yola /
_cRaúl Martínez Rosario ; edición, José Alejandro Peña
264 _aSanto Domingo :
_bCentro editorial,
_c1993.
300 _a177 páginas ;
_c21 cm.
336 _2rdacontent
_atexto
_btxt
337 _2rdamedia
_asin mediación
_bn
338 _2rdacarrier
_avolumen
_bnc
500 _aIncluye datos biográficos del autor en la contracubierta
500 _aLa biblioteca posee un ejemplar autográfiado por el autor
590 _aInventariado, 2023/BT
700 1 _aPeña, José Alejandro,
_eedición
_980065
910 _aBtavárez
942 _2ddc
_cLBS1
999 _c53253
_d53253